banner koha

Estação de avaliação de suínos (Registro n. 298512)

MARC details
000 -LÍDER
fixed length control field 00828nab a2200217 4500
003 - CÓDIGO MARC DA AGÊNCIA CATALOGADORA
Campo de controle BR-BrBNA
005 - DATA E HORA DA ÚLTIMA ATUALIZAÇÃO
Campo de controle 20240215161810.0
008 - CAMPO DE TAMANHO FIXO
fixed length control field 240215b bl.||||| |||| 00| 0 por d
040 ## - FONTE DA CATALOGAÇÃO
Agência catalogadora BR-BrBNA
Idioma da catalogação por
072 ## - CATEGORIA AGRIS
Código AGRIS L01 ; L10 ; L40
Código do objeto 5300
100 ## - ENTRADA PRINCIPAL - NOME PESSOAL
Nome pessoal Dumit, Elias
245 ## - TÍTULO PRINCIPAL
Título principal Estação de avaliação de suínos
500 ## - NOTA GERAL
Nota geral 3 illus.
942 ## - ADDED ENTRY ELEMENTS (KOHA)
Koha item type
650 ## - ASSUNTO - THESAGRO
Cabeçalho tópico ou nome geográfico SUÍNOS
650 ## - ASSUNTO - THESAGRO
Cabeçalho tópico ou nome geográfico MELHORAMENTO GENÉTICO ANIMAL
650 ## - ASSUNTO - THESAGRO
Cabeçalho tópico ou nome geográfico SELEÇÃO
650 ## - ASSUNTO - THESAGRO
Cabeçalho tópico ou nome geográfico TESTE DE PROGÊNIE
773 0# - ENTRADA ANALÍTICA
Host Biblionumber 1330
Registro do item 275223
Imprenta Campinas-SP Coordenadoria de Assistência Técnica Integral - CATI - Centro de Comunicação Rural e Treinamento - CECORT 1979. Data final de publicação em 1990
Outro identificador 2023-437031
Título Casa da Agricultura (Brazil)
ISSN 0100-6541
Colação v. 2(2) p. 4-5 (Mar-Apr 1980)
Número de controle de registro BR 2023002396

Nenhum exemplar disponível.

BINAGRI

Telefone: (61)3218-2567/2388/3357/2097 - binagri@agro.gov.br

Ministério da Agricultura e Pecuária , Esplanada dos Ministérios, Bloco D, Anexo B, Brasília/DF, CEP: 70.043-900